| 000 | 00362 a2200169 4500 | ||
|---|---|---|---|
| 001 | 72232 | ||
| 020 | _a | ||
| 040 | _cAnchieta - Colégio São Paulo | ||
| 100 | _aMAZZETTI, Maria | ||
| 240 | 1 | 0 |
_aPolegarzinha _lpor |
| 245 | 1 | 0 | _aPolegarzinha |
| 300 | _a[14p.] | ||
| 362 | 0 | _a1970 | |
| 440 | 1 | _aRecord | |
| 650 | 4 | _aLiteratura infanto-juvenil | |
| 942 | _cBK | ||
| 999 |
_c72232 _d72232 |
||